000 004130000a22001570004500
003 LK-CoMWRAF
008 230817t ||||| |||| 00| 0 eng d
040 _aLK-CoMWRAF
_dLK-CoMWRAF
_eLK-CoMWRAF
041 _aeng
082 _a620
_bSEX
245 _aThe sexual exploitation of children
_bsome expert legal analyses
260 _aMt.Lavinia
_bPEACE
_c1995
300 _ap.45
650 _aChildren-SL
942 _cBK
999 _c2633
_d2633